1148 1470 1443 1407 1776 1522 1853 1432 1683 1655 1799 1496 1086 1413 1568 1498 1106 1624 1018 1583 1384 1943 1148 1312 1460 1995 1552 1602 1788 1678 1351 1071 1143 1006 1727 1957 1695 1348 1275 1674 1628 1994 1158 1819 1610 1302 1672 1419 1068 1977 1015 1908 1833 1553 1917 1842 1895 1725 1430 1000 1040 1001 1676 1527 1847 1540 1437 1573 1704 1377 1352 1164 1055 1300 1432 1526 1603 1185 1949 1023 1215 1659 1010 1923 1357 1334 1520 1957 1387 1060 1557 1292 1113 1438 1189 1859 1024 1057 1749 BCNSPRNW ULIB Ver.6.0+V

เปลี่ยนเป็นภาษาไทย

Change to English
 แสดงรายละเอียดบรรณานุกรม
  กลับหน้าหลัก

Brief Record : Get Marc (ISO 2709) : E-mail record : QR code < ปิดหน้าต่าง
LEADER : 00000nam 2200000uu 4500
001    13399121282
003     ULIB
008    121114s2546||||th 000 0 tha d
020    ^a9749007301
041 1  ^atha^heng
050 04 ^aPE1130^bD111ว 2546
100 0  ^aเทเลอร์, ดีดี
245 10 ^aวิธีใช้อินเทอร์เน็ตในการสอนภาษาอังกฤษ = How to use the Internet in ELT /^cเขียน: Dede Teeler, Peta Gray ;บรรณาธิการชุดภาษาอังกฤษ: Jeremy Harmer ; แปลและเรียบเรียง:เสียงทิพย์ สุขศรี ; บรรณาธิการชุดภาษาไทย: พงษ์ศรี เลขะวัฒนะ
250    ^aพิมพ์ครั้งที่ 1
260    ^aกรุงเทพฯ :^bบริษัทเพียร์สัน เอ็ดดูเคชั่น อินโดไชน่า,^c2546
300    ^a157 หน้า :^bภาพประกอบ ;^c25 ซม
505 2  ^aอินเทอร์เน็ตคืออะไร -- อินเทอร์เน็ตในการพัฒนาครูผู้สอน -- อินเทอร์เน็ตเป็นแหล่งวัสดุการสอน -- อินเทอร์เน็ต เป็นเครื่องมือในชั้นเรียน -- กิจกรรมที่ใช้อินเทอร์เน็ตเป็นฐาน -- อินเทอร์เน็ตเป็นหนังสือเรียน
650  7 ^aอินเตอร์เน็ตในการศึกษา
650  7 ^aภาษาอังกฤษ^xการศึกษาและการสอน^xทรัพยากรเครือข่ายคอมพิวเตอร์
700 1  ^aเกรย์, ปีตา
700 0  ^aเสียงทิพย์ สุขศรี
700 12 ^aTeeler, Dede.^tHow to use the Internet in ELT
700 12 ^aGray, Peta.^tHow to use the Internet in ELT
945    ^p0^l0^i14157
995    ^aกัณชพร
999 ^a กัณชพร
รายการนี้ยังไม่มีแท็ก
คุณยังไม่ได้ล็อกอิน คุณสามารถมีกิจกรรมร่วมกับเว็บไซต์ได้ แต่ต้องล็อกอินก่อน ::
  ล็อกอิน

รายการสื่อสารสนเทศ

ลำดับที่ ประเภท เลขเรียก/บาร์โค้ด สถานที่ สถานะ
1. วิทยาศาสตร์การแพทย์ และสุขภาพ
วิทยาศาสตร์การแพทย์ และสุขภาพ
PE1130 D111ว 2546  
  Barcode: 14157
ห้องสมุดวิทยาเขตสวรรค์ประชารักษ์
►หนังสือทั่วไป
บนชั้น

รายการใกล้เคียง
    ผู้แต่ง [เทเลอร์, ดีดี]

    หัวเรื่อง [อินเตอร์เน็ตในการศึกษา]

BibComment


ยังไม่เคยถูกคอมเมนท์

คอมเมนท์ทรัพยากรรายการนี้
  คอมเมนท์: วิธีใช้อินเทอร์เ..


 Copyright 2026. Bcnsprnw @Library